Análisis de dos enfoques costarricenses sobre política cambiaria /

Los autores comentan que la política cambiaria en una economía abierta como la costarricense tiene singular importancia. Sin embargo, son muy escasos los análisis y propuestas realizados en Costa Rica sobre el tema. Dos de los más representativos pueden hallarse en Estudio Sobre Economía Costarricen...

Повний опис

Збережено в:
Бібліографічні деталі
Автор: Feinstein, Osvaldo Néstor
Інші автори: Liberman G, Luis
Формат: Текст
Предмети:
Теги: Додати тег
Немає тегів, Будьте першим, хто поставить тег для цього запису!

MARC

LEADER 00000 a a2200000 04500
001 14606
003
040
100 |a Feinstein, Osvaldo Néstor  
245 |a Análisis de dos enfoques costarricenses sobre política cambiaria /  |c Osvaldo Néstor Feinstein ; Luis Liberman G 
520 |a Los autores comentan que la política cambiaria en una economía abierta como la costarricense tiene singular importancia. Sin embargo, son muy escasos los análisis y propuestas realizados en Costa Rica sobre el tema. Dos de los más representativos pueden hallarse en Estudio Sobre Economía Costarricense de Rodrigo Facio y en la Pobreza de la Naciones de José Figueres. En el artículo se presenta el núcleo de los enfoques con respecto a la política de balanza de pagos de corto plazo, identificando tanto el diagnóstico como las recomendaciones derivadas de los mismos. Los autores esperan que el producto de este análisis sirva como elemento en la tarea de diseñar una política cambiaria para la economía costarricense. El orden de los temas tratados son: el enfoque de Rodrigo Facio   |a el de José Figueres y las diferencias entre los dos enfoques. REV//jmml  
650 |a PUB.IIS  
650 |a TIPO DE CAMBIO  
650 |a ASPECTOS ECONOMICOS  
650 |a BALANZA DE PAGOS  
650 |a POLITICA ECONOMICA  
700 |a Liberman G, Luis  
773 |g número 13; páginas 71-75  
999 |c 29505  |d 29505